Applied mathematics / (Record no. 1239)

MARC details
000 -LEADER
fixed length control field 01025nac a22002771i 4500
003 - CONTROL NUMBER IDENTIFIER
control field EG-ScBUE
005 - DATE AND TIME OF LATEST TRANSACTION
control field 20240902084755.0
008 - FIXED-LENGTH DATA ELEMENTS--GENERAL INFORMATION
fixed length control field 240902s2001 ii f 001 0 eng d
020 ## - INTERNATIONAL STANDARD BOOK NUMBER
International Standard Book Number 8121920825
020 ## - INTERNATIONAL STANDARD BOOK NUMBER
International Standard Book Number 9788121920827
040 ## - CATALOGING SOURCE
Original cataloging agency EG-ScBUE
Language of cataloging eng
Description conventions rda
Transcribing agency EG-ScBUE
Modifying agency EG-ScBUE
082 04 - DEWEY DECIMAL CLASSIFICATION NUMBER
Classification number 510
Item number MUR
Edition number 22
100 1# - MAIN ENTRY--PERSONAL NAME
Personal name Murthy, Ramana V.,
Relator term author.
245 10 - TITLE STATEMENT
Title Applied mathematics /
Statement of responsibility, etc Ramana V. Murthy, professor and head, Department of Applied Sciences, Finolex Academy of Management and Technology, N.C. Srinivas, professor, Department of Mathematics, Vivekananda Education Society's, Institute of Technology.
250 ## - EDITION STATEMENT
Edition statement First edition.
264 #1 - PUBLICATION, DISTRIBUTION, ETC. (IMPRINT)
Place of publication, distribution, etc New Delhi :
Name of publisher, distributor, etc S. Chand & Company LTD,
Date of publication, distribution, etc 2001.
300 ## - PHYSICAL DESCRIPTION
Extent 720 pages ;
Dimensions 25 cm
336 ## - CONTENT TYPE
Source rdacontent
Content type term text
Content type code txt
337 ## - MEDIA TYPE
Media type term unmediated
Source rdamedia
Media type code n
338 ## - CARRIER TYPE
Carrier type term volume
Carrier type code nc
Source rdacarrier
500 ## - GENERAL NOTE
General note Includes index.
650 #7 - SUBJECT ADDED ENTRY--TOPICAL TERM
Topical term or geographic name as entry element Mathematics.
Source of heading or term BUEsh
655 ## - INDEX TERM--GENRE/FORM
Form subdivision Reading book
700 1# - ADDED ENTRY--PERSONAL NAME
Personal name Srinivas, N. C.,
Relator term author.
942 ## - ADDED ENTRY ELEMENTS (KOHA)
Koha item type Book - Borrowing
Source of classification or shelving scheme Dewey Decimal Classification
Holdings
Withdrawn status Lost status Damaged status Not for loan Home library Current library Shelving location Date acquired Source of acquisition Total Checkouts Full call number Barcode Date last seen Price effective from Koha item type
        Central Library Central Library First floor 29/08/2006 Purchase   510 MUR 000003243 15/07/2025 29/08/2006 Book - Borrowing